000 01777nam a22002777a 4500
999 _c62409
_d62409
003 Ge_BSU
005 20241023135410.0
008 241023s2024 ge ||||| |||| 00| 0 geo d
020 _a9789941338663
041 _ageo
080 _a61(075.8) კ-79
100 _aკოხრეიძე, ეკა
_923503
245 _aკვლევის მეთოდების პრინციპები მედიცინაში :
_b[სახელმძღვანელო] /
_cეკა კოხრეიძე, ბაია კუბლაშვილი; თანაავტორები: ანა გვეტაძე, ნინო მაღრაძე, თამთა კორინთელი; სამეცნიეო რედაქტორი ზაზა ავალიანი; ევროპის უნივერსიტეტი.
264 _aთბილისი,
_c 2024.
300 _a158 გვ. ;
_b24 სმ.
504 _a ბიბლიოგრაფია თავების ბოლოს.
653 _aსამედიცინო კვლევები
700 _aკუბლაშვილი, ბაია
_eავტორი.
_919457
700 _aგვეტაძე, ანა,
_eთანაავტორი
_923504
700 _aმაღრაძე, ნინო
_e თანაავტორი
_923505
700 _aკორინთელი, თამთა
_eთანაავტორი
_923506
700 _aავალიანი, ზაზა
_e სამეცნიერო რედაქტორი
_923507
710 _aევროპის უნივერსიტეტი.
_914006
773 _tნაჩუქარი
942 _2udc
_cᲬᲘᲒᲜᲘ